01195nam a2200325Ia 450000500170000000800370001702000150005402000180006904100080008710000310009524501190012625000180024530000490026352100350031253400280034765000550037565000550043065000340048565000370051965000310055665000370058765000380062470000430066226400300070533600270073533700330076233800280079504000350082308400110085820220317001732.0170328s2006 s a g 000 0 s a8426135595 a9788426135599 aspa1 aVan Allsburg, Chrisd1949-13aEl naufragio del Zéfiroctexto e ilustraciones Chris Van Allsburg ; traducción castellana Teresa Farran i Vert a1a. edición a[30] páginasbilustraciones a colorc24 cm aRecomendado desde los 6 años tThe wreck of the zephyr142LEMBaCuentos infantiles estadounidensesySiglo XX142LEMBaLiteratura infantil estadounidenseySiglo XX142LEMBaBarcos en la literatura142LEMBaAventuras en la literatura142LEMBaMar en la literatura142LEMBaMarineros en la literatura142LEMBaNaufragios en la literatura1 aAllsburg, Chris Vand1949-eilustrador aBarcelonabJuventudc2006 atextobtxt2rdacontent asin mediaciónbn2rdamedia avolumenbnc2rdacarrier aCO-BoRNBPbspaerdacCO-BoRNBP aC VAN1